01216nam a2200241 i 4500003000900000005001700009007000300026008004100029040003000070082001800100110009700118245027100215264011900486300002500605336002700630337003400657338002800691590002700719910001400746942001300760952018400773999001700957DO-SdBNP20250116073944.0ta110413s1977 dr 000 0 spa d aDO-SdBNPbspacBNPHUerda axxxbD2862221 aRepública Dominicana.bSecretaría de Estado de Educación, Bellas Artes y Cultos92396510aDeber de los padres :bdiscurso pronunciado por el señor Secretario de Educación, Dr. Leonardo Matos Berrido, en el Congreso de delegados de las Sociedades de Padres y amigos de la escuela, celebrado en el Palacio de Bellas Artes, el 24 de noviembre de 1976 /  aSanto Domingo :bSecretaria de Estado de Educación Bellas Artes y Cultos,bImpresos Nacionales Sánchez,c1977. a4 páginas c25 cm. 2rdacontentatextobtxt 2rdamediaasin mediación bn 2rdacarrieravolumenbnc aInventariado, 2023/ YL aYLockward 2ddccLF2 00102ddc51708DS-FaBNPHUbBNPHUcCTd2014-08-01eBarbara Suncarl0oxxx D286p2023-5559r2023-08-28w2023-08-28yLF2zPerteneció a la biblioteca personal de Bárbara Suncar c54565d54565